[Event "XXXIV Festival A"]
[Site "Torino ITA"]
[Date "2010.12.05"]
[Round "4"]
[White "Manino, Edoardo"]
[Black "Passerotti, Pierluigi"]
[WhiteElo "1940"]
[BlackElo "2264"]
[Result "0-1"]
[PlyCount "60"]
[EventDate "2010.12.03"]

1. d4 d5 2. c4 e6 3. Nc3 c6 4. Nf3 dxc4 5. a4 Bb4 6. e4 b5 7. Be2 Bb7 8. O-O a6
9. Qc2 Nf6 10. Rd1 h6 11. e5 Nd5 12. Ne4 Nd7 13. Be3 O-O 14. Nfd2 f5 15. exf6
N7xf6 16. Bf3 Qe7 17. Nc3 Bd6 18. Nde4 Rad8 19. Nxd6 Rxd6 20. Ne4 Nxe4 21. Bxe4
Rfd8 22. Bd2 Qf6 23. Ra3 R8d7 24. Rf3 Qe7 25. Rg3 Kh8 26. Re1 Nf6 27. Bb4 Nxe4
28. Qxe4 c5 29. Qg6 cxb4 30. Re5 Qf7 0-1

[Event "II Open Filadelfia.Chess A"]
[Site "Filadelfia ITA"]
[Date "2010.12.08"]
[Round "7"]
[White "Santagati, Alessandro"]
[Black "Forlano, Luigi"]
[WhiteElo "2162"]
[BlackElo "2035"]
[Result "1-0"]
[PlyCount "111"]
[EventDate "2010.12.05"]

1. d4 d5 2. Nc3 Nf6 3. Bg5 Nbd7 4. f3 c5 5. e3 Qa5 6. Qd2 e6 7. Nb5 Qxd2+ 8.
Kxd2 Kd8 9. Bf4 Ne8 10. a3 a6 11. Nc3 cxd4 12. exd4 Nd6 13. Re1 Be7 14. Bxd6
Bxd6 15. g3 Nb6 16. f4 Bd7 17. Nf3 Rc8 18. Ne5 Rf8 19. Bd3 Bxe5 20. fxe5 Nc4+
21. Bxc4 Rxc4 22. Kd3 b5 23. Ne2 Ke7 24. Nf4 Rfc8 25. c3 a5 26. Ra1 b4 27. axb4
axb4 28. Rhc1 bxc3 29. bxc3 Bb5 30. Kd2 R4c7 31. Rcb1 Be8 32. Ra3 Kf8 33. Rb6
Ke7 34. Nd3 Bc6 35. Nc5 Be8 36. Rab3 Bc6 37. Kc2 f6 38. exf6+ gxf6 39. Kd2 h5
40. Rb8 Rxb8 41. Rxb8 Ra7 42. Ke3 Be8 43. Nxe6 Ra2 44. Nf4 Bf7 45. Rb7+ Kf8 46.
h4 Ra3 47. Rc7 Ra2 48. Rc5 Rc2 49. Kd3 Rf2 50. Nxd5 Rf3+ 51. Kd2 Rxg3 52. Nxf6
Rh3 53. Nh7+ Kg8 54. Ng5 Rxh4 55. Rc8+ Kg7 56. Rc7 {...} 1-0

[Event "XVI Open A"]
[Site "Gioiosa Marea ITA"]
[Date "2010.07.25"]
[Round "9"]
[White "Santagati, Alessandro"]
[Black "Ristic, Nenad"]
[WhiteElo "2187"]
[BlackElo "2413"]
[Result "0-1"]
[PlyCount "62"]
[EventDate "2010.07.19"]

1. d4 Nf6 2. Nf3 g6 3. c4 Bg7 4. Nc3 d5 5. cxd5 Nxd5 6. e4 Nxc3 7. bxc3 c5 8.
Rb1 O-O 9. Be2 b6 10. Bb2 e6 11. d5 exd5 12. exd5 Bf5 13. Rc1 Be4 14. Bc4 Qd7
15. a4 Qg4 16. Be2 Qxg2 17. Rg1 Qh3 18. Rg3 Qd7 19. Bc4 Rd8 20. Qe2 Bxd5 21.
Rd1 Re8 22. Bxd5 Rxe2+ 23. Kxe2 Nc6 24. Ng5 Nd4+ 25. Rxd4 cxd4 26. Bxa8 Qe8+
27. Be4 h6 28. cxd4 hxg5 29. Kd3 Qxa4 30. Bc3 g4 31. d5 Qd1+ 0-1